000 01234nam0a2200301 4500
001 RU\NLR\bibl\587919
005 20260405133922.0
035 _a(NLR Aleph) 000579897
090 _a1645958
_c1645958
100 _a20041222d2004 |||y0rusy50 ca
101 0 _arus
102 _aRU
105 _aa |||||||||
200 1 _aОборудование для ультразвуковой очистки
_fИ.В. Петушко
210 _aСПб.
_cБ.и.
_d2004
215 _a150 с.
_cил., портр.
_d21
225 1 _aБиблиотечка технолога-ультразвуковика
320 _aБиблиогр.: с. 148-150 (46 назв.)
606 0 _aУльтразвуковая очистка материалов
_xОборудование
_91857119
_3RU\NLR\auth\661133186
606 0 _aМатериалы
_xУльтразвуковая очистка
_xОборудование
_92357484
_3RU\NLR\auth\661408043
686 _aЖ615-5
700 1 _4070
_7ca
_8rus
_aПетушко
_bИ. В.
_f1951-
_gИгорь Викторович
_937458
_3RU\NLR\auth\7754526
801 0 _aRU
_bNLR
_c20041222
_gPSBO
801 1 _aRU
_bNLR
_c20041222
830 _aАвт. по кн.
942 _cBOOK
980 _aNB